1025 1236 1408 1642 1444 1335 1203 1358 1175 1253 1800 1061 1125 1219 1606 1581 1727 1995 1014 1048 1322 1655 1389 1346 1347 1857 1558 1649 1769 1101 1797 1004 1500 1658 1637 1973 1090 1485 1640 1044 1430 1134 1819 1671 1650 1961 1454 1971 1965 1469 1335 1561 1069 1906 1878 1696 1851 1295 1613 1256 1738 1710 1183 1146 1310 1750 1056 1071 1357 1834 1927 1542 1360 1446 1804 1235 1921 1735 1627 1252 1496 1582 1312 1678 1630 1904 1041 1333 1283 1373 1482 1630 1554 1507 1245 1117 1761 1293 1351 BCNSPRNW ULIB Ver.6.0+V

เปลี่ยนเป็นภาษาไทย

Change to English
 แสดงรายละเอียดบรรณานุกรม
  กลับหน้าหลัก

Brief Record : Get Marc (ISO 2709) : E-mail record : QR code < ปิดหน้าต่าง
LEADER : 00000nas 2200000uu 4500
001    13399122481
003     ULIB
008    130704s||||||||th 000 0 tha d
022 0  1906-652x
110 1  สมาคมศิษย์เก่าพยาบาลตำรวจ
245 00 วารสารพยาบาลตำรวจ
246 0  Journal of the Police Nurses
310    ราย 6 เดือน
850 ^a ULIB^bปีที่ 3 ฉบับที่ 2 ;ปีที่ 4 ฉบับที่ 1 ;ปีที่ 4 ฉบับที่ 2 ;ปีที่ 5 ฉบับที่ 1 ฉ.1 ;ปีที่ 5 ฉบับที่ 2 ฉ.1 ;ปีที่ 6 ฉบับที่ 1 ฉ.1 ;ปีที่ 6 ฉบับที่ 2 ฉ.1
945    ^p0^l0^i901413
945    ^p0^l0^i901414
945    ^p0^l0^i901415
945    ^p0^l0^i902466
945    ^p0^l0^i902467
945    ^p0^l0^i903057
945    ^p0^l0^i903058
999    ^aเกษร โพธิ์สุวรรณ
รายการนี้ยังไม่มีแท็ก
คุณยังไม่ได้ล็อกอิน คุณสามารถมีกิจกรรมร่วมกับเว็บไซต์ได้ แต่ต้องล็อกอินก่อน ::
  ล็อกอิน

รายการสื่อสารสนเทศ (วารสาร)

ดูแบบ: กล่อง รายการ
ARRIVED
ปีที่ 3 ฉบับที่ 2
สถานที่: ห้องสมุดวิทยาเขตสวรรค์ประชารักษ์ >วารสาร
ARRIVED
ปีที่ 4 ฉบับที่ 1
สถานที่: ห้องสมุดวิทยาเขตสวรรค์ประชารักษ์ >วารสาร
ARRIVED
ปีที่ 4 ฉบับที่ 2
สถานที่: ห้องสมุดวิทยาเขตสวรรค์ประชารักษ์ >วารสาร
ARRIVED
ปีที่ 5 ฉบับที่ 1 ฉ.1
สถานที่: ห้องสมุดวิทยาเขตสวรรค์ประชารักษ์ >วารสาร
ARRIVED
ปีที่ 5 ฉบับที่ 2 ฉ.1
สถานที่: ห้องสมุดวิทยาเขตสวรรค์ประชารักษ์ >วารสาร
ARRIVED
ปีที่ 6 ฉบับที่ 1 ฉ.1
สถานที่: ห้องสมุดวิทยาเขตสวรรค์ประชารักษ์ >วารสาร
ARRIVED
ปีที่ 6 ฉบับที่ 2 ฉ.1
สถานที่: ห้องสมุดวิทยาเขตสวรรค์ประชารักษ์ >วารสาร

BibComment


ยังไม่เคยถูกคอมเมนท์

คอมเมนท์ทรัพยากรรายการนี้
  คอมเมนท์: วารสารพยาบาลตำรวจ


 Copyright 2026. Bcnsprnw @Library